000 00996nam a2200253Ia 4500
003 OSt
005 20220923215939.0
006 a|||||r|||| 00| 0
007 ta
008 220922b |||||||| |||| 00| 0 hin d
024 _a183,062
037 _cTextual
040 _aARTS
_cARTS
_bhin
041 _2hin
_ahin
082 _aO152,1N16:g, M9
100 _aशर्मा, आशा नारायण
245 0 _aआचार्य कवि श्री जानकी वल्लभ शास्त्री व्यक्तित्व और कृतित्व
246 _aĀchārya kavi shrī jānakī vallabh shāstrī vyaktitva aur kṛutitva
260 _aनई दिल्ली
_b नई कहानी प्रकाशन
_c1989
300 _a400 पृ.
_ccm.
650 _aहिन्दी साहित्य
_9156264
942 _hO152,1N16:g, M9
_cTEXL
_2CC
999 _c336418
_d336418